Reverse Dictionary #86 - Statistics

General Stats
  • This quiz has been taken 26 times
  • The average score is 17 of 25
Answer Stats
Definition First
Letter
Word % Correct
Something to play with, especially as intended for use by a child. T toy
100%
Having a high price or cost. E expensive
96%
A person whose job is to direct or oversee operations of something, such as a business, a restaurant, or a sports team. M manager
96%
A platform; a surface, generally elevated, upon which show performances or other public events are given. S stage
96%
Unwell in terms of health or physical condition; sick. I ill
92%
A precious or semi-precious stone; gem, gemstone. J jewel
92%
Prepared for immediate action or use. R ready
92%
Out of the ordinary; not typical. U unusual
92%
A numerical value equal to 9; the number following eight and preceding ten. N nine
88%
Conversation or debate concerning a particular topic. D discussion
81%
To transport (something) toward somebody/somewhere. B bring
77%
To find or learn something for the first time. D discover
77%
An increase in size, number, value, or strength. G growth
77%
Most good, most well. B best
73%
To act in a manner such that one has fun; to engage in activities expressly for the purpose of recreation or entertainment. P play
69%
A collection of valuable things; accumulated wealth; a stock of money, jewels, etc. T treasure
65%
An animal, especially a large or dangerous land vertebrate. B beast
62%
That which is produced by something, especially that which is produced within a particular time period or from a particular effort; especially, data sent out of the computer, as to a device such as a monitor or printer, or data sent from one program on the computer to another. O output
62%
An intense dislike or loathing someone feels for something bad or nasty. D disgust
54%
A complete assembly, consisting of an artillery tube and a breech mechanism, firing mechanism or base cap, which is a component of a gun, howitzer or mortar; any similar device for shooting material out of a tube. C cannon
46%
Strangely unconventional; highly unusual and different from common experience, often in an extravagant, fantastic, and/or conspicuous way. B bizarre
38%
Handling nervously or awkwardly; groping awkwardly in trying to find something. F fumbling
35%
Following in time; coming or being after something else at any time, indefinitely. S subsequent
31%
A substance made entirely of atoms all having the same number of protons, which cannot be decomposed in a reaction. C chemical
27%
In a temporary mental state with a sudden onset, usually reversible, including symptoms of confusion, inability to concentrate, disorientation, anxiety, and sometimes hallucinations. D delirious
23%
No matching quizzes found
Score Distribution
Percent of People with Each Score
Percentile by Number Answered
Your Score History
You have not taken this quiz